Nhà văn dân tộc thiểu số Việt Nam - Đời và văn
Đã lưu trong:
| 格式: | 图书 |
|---|---|
| 语言: | Undetermined |
| 出版: |
Hà Nội
Hội nhà văn
2018
|
| 主题: | |
| 标签: |
添加标签
没有标签, 成为第一个标记此记录!
|
| Thư viện lưu trữ: | Trung tâm Học liệu Trường Đại học Cần Thơ |
|---|
| LEADER | 00611nam a2200181Ia 4500 | ||
|---|---|---|---|
| 001 | CTU_232869 | ||
| 008 | 210402s9999 xx 000 0 und d | ||
| 082 | |a 895.92209 | ||
| 082 | |b Nh100/Q.1 | ||
| 245 | 0 | |a Nhà văn dân tộc thiểu số Việt Nam - Đời và văn | |
| 245 | 0 | |c Hà Lý ... [et al.] | |
| 260 | |a Hà Nội | ||
| 260 | |b Hội nhà văn | ||
| 260 | |c 2018 | ||
| 650 | |a Văn học Việt Nam,Vietnamese literature | ||
| 650 | |x Lịch sử và phê bình,History and criticism | ||
| 910 | |b nthai | ||
| 980 | |a Trung tâm Học liệu Trường Đại học Cần Thơ | ||